000
00395nam a22001577a 4500
003
MPLRDC
005
20220104123520.0
008
210129b ||||| |||| 00| 0 eng d
082
_a
250 GHR
100
_a
伊斯兰教教长、高浩然编著
245
_a
认识伊斯兰
_c
260
_a
_b
风华出版事业公司
_c
1989
300
_b
平
650
_a
回教总论
942
_c
BK
_o
250 GHR
999
_c
12043
_d
12033